PRINCIPLES OF PLANT BREEDING (Record no. 15350)

MARC details
000 -LEADER
fixed length control field 00461nam a22001817a 4500
003 - CONTROL NUMBER IDENTIFIER
control field OSt
005 - DATE AND TIME OF LATEST TRANSACTION
control field 20211027165026.0
008 - FIXED-LENGTH DATA ELEMENTS--GENERAL INFORMATION
fixed length control field 211027b |||||||| |||| 00| 0 eng d
020 ## - INTERNATIONAL STANDARD BOOK NUMBER
International Standard Book Number 0471023094
040 ## - CATALOGING SOURCE
Transcribing agency HAWASSA UNIVERSITY
050 ## - LIBRARY OF CONGRESS CALL NUMBER
Classification number 631.52/ALL
Item number 5
082 ## - DEWEY DECIMAL CLASSIFICATION NUMBER
Edition number 2nD
Classification number 631.52/ALL
Item number 5
100 ## - MAIN ENTRY--PERSONAL NAME
Personal name ALLARD ROBERT W.
9 (RLIN) 15884
245 ## - TITLE STATEMENT
Title PRINCIPLES OF PLANT BREEDING
260 ## - PUBLICATION, DISTRIBUTION, ETC.
Place of publication, distribution, etc. NEW YORK
Name of publisher, distributor, etc. CHIEHESTER
Date of publication, distribution, etc. 1999
300 ## - PHYSICAL DESCRIPTION
Extent ix/254
942 ## - ADDED ENTRY ELEMENTS (KOHA)
Source of classification or shelving scheme Dewey Decimal Classification
Koha item type Books like text book referance book
Suppress in OPAC No
Holdings
Withdrawn status Lost status Source of classification or shelving scheme Damaged status Not for loan Home library Current library Date acquired Total Checkouts Full call number Barcode Date last seen Copy number Price effective from Koha item type
    Dewey Decimal Classification     College of Agriculture Library College of Agriculture Library 10/27/2021   631.52/ALL ALIB0002512 10/27/2021 1 10/27/2021 Books like text book referance book
    Dewey Decimal Classification     College of Agriculture Library College of Agriculture Library 10/27/2021   631.52/ALL ALIB0002513 10/27/2021 2 10/27/2021 Books like text book referance book
    Dewey Decimal Classification     College of Agriculture Library College of Agriculture Library 10/27/2021   631.52/ALL ALIB0002514 10/27/2021 3 10/27/2021 Books like text book referance book
    Dewey Decimal Classification     College of Agriculture Library College of Agriculture Library 10/27/2021   631.52/ALL ALIB0002515 10/27/2021 4 10/27/2021 Books like text book referance book
    Dewey Decimal Classification     College of Agriculture Library College of Agriculture Library 10/27/2021   631.52/ALL ALIB0002516 10/27/2021 5 10/27/2021 Books like text book referance book